Réfs Youtube - Statistiques

Statistiques générales
  • Ce quiz a été pris 366 fois
  • Le résultat moyen est 3 sur 10
Statistiques - réponses
Hint Réponse % Correct
Est-ce que vous buvez Billy ? de l'alcool ?... la boisson du Sheitan
64%
Oh merde, pardon, je viens de débrancher un truc... c'est ma grand-mère
61%
Coucou Etienne... c'est maman
61%
Je me suis dis... hassoul
54%
Oh non Hugo... t'avais pas fini de décrypter
34%
Vas-y parle moi mal un peu. Valérie non mais rigole pas. Je te dis de ma parler mal, insulte moi vas-y... d'accord bougnoule
20%
Madame, je peux vous posez une question ? Oui tout à fait... pourquoi faire ?
6%
T'as peur ou quoi ? Non j'ai pas peur... t'es un gros naze
3%
Je crois que je vais tomber amoureux... attention je suis peut-etre attiré par les mineurs
1%
Maintenant fais Homer Simpson pour voir... oh pinaise, marge est ce que tu m'as préparer mon donut sucré au sucre
1%
Aucun quiz correspondant
Distribution des résultats
% des personnes avec chaque résultat
Percentile par nombre de réponses
Votre historique - résultats
Vous n’avez pas pris ce quiz